Bienvenue au Catalogue en Ligne des Bibliothèques de l'Universite du Burundi

Financement du déficit budgétaire dans un contexte d'union monétaire (Record no. 50670)

000 -GUIDE
Champ de contrôle de longueur fixe 01130nam a22002417a 4500
003 - IDENTITÉ DU NUMÉRO DE CONTRÔLE
Champ de contrôle BI-BuBU
008 - ÉLÉMENTS DE LONGUEUR FIXE - RENSEIGNEMENTS GÉNÉRAUX
Champ de contrôle de longueur fixe 240903b2022 fre fr|||| 000 0 fre d
037 ## - SOURCE D'ACQUISITION
Modalités d'acquisition don de l'auteur
039 ## - NIVEAU DE CONTRÔLE BIBLIOGRAPHIQUE ET HISTORIQUE D'ENCODAGE [OBSOLETE]
Date creation 20240903110552.0
Nom catalographe Joella Nshimirimana
040 ## - SOURCE DU CATALOGAGE
Organisme qui a effectué le catalogage original BI-BuBU
Code de la langue utilisée dans le catalogage fre
Organisme qui a effectué la transcription BI-BuBU
Organisme qui a effectué la modification BI-BuBU
041 #0 - CODE DE LANGUE
Code de langue du texte/de la piste sonore ou du titre distinct fre
080 ## - INDICE DE LA CLASSIFICATION DÉCIMALE UNIVERSELLE (CDU)
Indice de la Classification décimale universelle 336.142.232
100 1# - VEDETTE PRINCIPALE - NOM DE PERSONNE
Code de relation aut.
Nom de personne Niyonahabonye, Alexis
245 10 - MENTION DU TITRE
Titre Financement du déficit budgétaire dans un contexte d'union monétaire
Reste du titre Cas des pays de la Communauté de l'Afrique de l'Est ( 1990-2020 )
Mention de responsabilité, etc. Alexis Niyonahabonye ; Fréderic Nimubona , directeur
260 ## - PUBLICATION, DIFFUSION, ETC. (ADRESSE BIBLIOGRAPHIQUE)
Lieu de publication, diffusion, etc. Bujumbura
Nom de l'éditeur, diffuseur, etc. Université du Burundi, Facultés des sciences Economiques et de Gestion
Date of publication, distribution, etc 2022
300 ## - DESCRIPTION MATÉRIELLE
Collation XV-125 f.
Dimensions 30 cm.
500 ## - NOTE GÉNÉRALE
Note générale Mémoire présenté et soutenu publiquement en vue de l'obtention du diplôme de master en Analyse Économique et Développement International<br/>Spécialité: analyse économique
650 #7 - VEDETTE-MATIÈRE - NOM COMMUN
Source du terme BI-BuBU
Vedette de sujet ou vedette comportant un nom géographique Déficit budgetaire
Subdivision générale Financement
Subdivision géographique Communaute de l'Arique de l'Est
Subdivision chronologique 1990-2020
655 #7 - TERME D'INDEXATION - GENRE OU FORME
Source du terme BI-BuBU
Données ou terme dominant sur le genre ou la forme Mémoire
700 ## - VEDETTE SECONDAIRE - NOM DE PERSONNE
Code de relation dir.
Nom d'auteur Nimubona, Frederic
942 ## - ÉLÉMENTS D'ENTRÉE ADDITIONNELLE (KOHA)
Source de la classification ou du système de rangement
Type d item koha Memoire
Holdings
Statut de retrait Statut de perte Source de la classification ou du système de rangement Statut de déterioration Exclu du prêt Numéro d item Koha Localisation permanente Localisation actuelle Date d'acquisition Source d'acquisition Nombre de prêts Cote Code-barres Date last seen Numéro d'exemplaire Prix en vigueur à partir du Type d item koha Numero d'inventaire
        Not For Loan 81811 Bibliothèque Centrale Bibliothèque Centrale 06/09/2024 don de l'auteur   R.336.142.232.NIY. 5010000595296 06/09/2024 1 06/09/2024 Memoire 240574
© 2019-2026 - Bibliothèques de l'Université du Burundi |Tous droits réservés
home | Pour toute information urgente Contactez nous | tel whatsupp: +25779204313